000 00940nam a22002057a 4500
005 20240530110439.0
008 150419s2009 ua a a 000 f ara d
017 _a2009/5468
_bمصر . دار الكتب المصرية
020 _a9789774274768
040 _aEG-CaGPL
082 0 4 _221
_a813.088
_bط/أ م
100 1 _aاندرسن ، هانز كريستيان
245 1 0 _aمولد الرسول صلى الله عليه وسلم فى عيون اندرسن :
_bمشهد فى القسطنطينية /
_cهانز كريستيان اندرسن ؛ نقله الى العربية عبدالتواب يوسف ؛ تقديم جابر عصفور ؛ رسوم صلاح بيصار .
250 _aط1.
260 _aالقاهرة :
_bالدار المصرية اللبنانية ،
_c2009 .
300 _aمتعدد ؛
_c24 سم.
650 0 4 _aقصص الاطفال
942 _2ddc
_cBK
999 _c61018
_d61018